Logic học
Giới thiệu đặc điểm đối tưọng và phương pháp của logic học, các quy luật cơ bản của tư duy hình thức, trình bày đặc trưng đặc điểm của phán đoán, suy luận, chứng minh bác bỏ, giả thuyết.
Đã lưu trong:
| Hovedforfatter: | |
|---|---|
| Format: | Bog |
| Sprog: | Undetermined |
| Udgivet: |
Thành phố Hồ Chí Minh
Hồng Đức
2008
|
| Fag: | |
| Tags: |
Tilføj Tag
Ingen Tags, Vær først til at tagge denne postø!
|
| Thư viện lưu trữ: | Trung tâm Học liệu Trường Đại học Cần Thơ |
|---|
| LEADER | 00826nam a2200205Ia 4500 | ||
|---|---|---|---|
| 001 | CTU_155789 | ||
| 008 | 210402s9999 xx 000 0 und d | ||
| 020 | |c 50000 | ||
| 082 | |a 160 | ||
| 082 | |b H466 | ||
| 100 | |a Tô, Duy Hợp | ||
| 245 | 0 | |a Logic học | |
| 245 | 0 | |c Tô Duy Hợp, Nguyễn Anh Tuấn | |
| 260 | |a Thành phố Hồ Chí Minh | ||
| 260 | |b Hồng Đức | ||
| 260 | |c 2008 | ||
| 520 | |a Giới thiệu đặc điểm đối tưọng và phương pháp của logic học, các quy luật cơ bản của tư duy hình thức, trình bày đặc trưng đặc điểm của phán đoán, suy luận, chứng minh bác bỏ, giả thuyết. | ||
| 650 | |a Logic | ||
| 904 | |i Giang | ||
| 980 | |a Trung tâm Học liệu Trường Đại học Cần Thơ | ||